[Event "AUTO-MASTER-2343"]
[Site "http://www.queenalice.com/game.php?id=1377031"]
[Date "2015.8.12"]
[Round "1"]
[White "Chanchito"]
[Black "RDario"]
[Result "1-0"]
[WhiteElo "2236"]
[BlackElo "1829"]

1. d4 d6 2. c4 Nd7 3. e4 e5 4. d5 Ne7 5. Nc3 g6 6. Nf3 Bg7 7. Be2 f5 8. exf5
gxf5 9. Ng5 Nc5 10. O-O h6 11. Bh5+ Kd7 12. Nf7 Qf8 13. Nxh8 Qxh8 14. Be3 e4 15.
Bxc5 dxc5 16. f3 Bd4+ 17. Kh1 e3 18. Qc2 Qf6 19. f4 c6 20. Rad1 Kc7 21. a3 Bd7
22. Ne2 b6 23. b4 Kd8 24. bxc5 bxc5 25. Rd3 cxd5 26. Rb1 Bc6 27. Bf3 Rc8 28.
cxd5 Bxd5 29. Bxd5 Nxd5 30. Qc4 Qd6 31. Nxd4 cxd4 32. Qxd4 Rc5 33. Rxe3 Qxf4 34.
Qxc5 Nxe3 35. Qf8+ Kd7 36. Rb7+ Kc6 37. Qc8+ Kd5 38. Qd7+ Ke5 39. Qc7+ Ke4 40.
Rb4+ 1-0

[Event "AUTO-MASTER-2343"]
[Site "http://www.queenalice.com/game.php?id=1377036"]
[Date "2015.8.12"]
[Round "1"]
[White "valdenicio"]
[Black "Chanchito"]
[Result "0-1"]
[WhiteElo "2348"]
[BlackElo "2246"]

1. d4 Nf6 2. Nf3 g6 3. g3 Bg7 4. Bg2 O-O 5. O-O d6 6. c3 c5 7. Re1 Nc6 8. h3 Bf5
9. Nbd2 cxd4 10. cxd4 Ne4 11. Nxe4 Bxe4 12. e3 Nb4 13. Re2 Rc8 14. Ne1 Bxg2 15.
Kxg2 Qd7 16. a3 Nc6 17. Bd2 e5 18. Bc3 e4 19. Rc1 d5 20. Rec2 f5 21. Kg1 Rc7 22.
Ng2 Rfc8 23. h4 b5 24. Nf4 a5 25. Qd2 a4 26. Bb4 Nxb4 27. axb4 Rc4 28. b3 axb3
29. Rc3 Bf8 30. Rxc4 bxc4 31. Qc3 Qb5 0-1

[Event "AUTO-MASTER-2343"]
[Site "http://www.queenalice.com/game.php?id=1377037"]
[Date "2015.8.12"]
[Round "1"]
[White "Chanchito"]
[Black "valdenicio"]
[Result "0-1"]
[WhiteElo "2201"]
[BlackElo "2245"]

1. d4 Nf6 2. c4 e6 3. Nc3 d5 4. cxd5 exd5 5. Bg5 Nbd7 6. e3 Be7 7. Bd3 c6 8. Qc2
O-O 9. Nge2 Re8 10. O-O Nf8 11. f3 Ng6 12. Rad1 Bd7 13. e4 dxe4 14. fxe4 Bg4 15.
h3 Bxe2 16. Nxe2 Qa5 17. Bxf6 Bxf6 18. e5 Bg5 19. Kh2 Qc7 20. Bc4 Re7 21. Qf5
Bh6 22. Nc3 Rf8 23. Ne4 Nxe5 24. dxe5 Rxe5 25. Qxf7+ Rxf7 26. Rxf7 Re7+ 0-1

[Event "AUTO-OPEN-3445"]
[Site "http://www.queenalice.com/game.php?id=1382493"]
[Date "2015.9.11"]
[Round "3"]
[White "Poison"]
[Black "Chanchito"]
[Result "1-0"]
[WhiteElo "2478"]
[BlackElo "2237"]

1. e4 e5 2. Nf3 Nc6 3. Bc4 Nf6 4. Ng5 d5 5. exd5 Na5 6. Bb5+ c6 7. dxc6 bxc6 8.
Bd3 Be7 9. O-O O-O 10. Nc3 c5 11. b3 Bb7 12. Re1 Nc6 13. Bb2 Re8 14. Qf3 h6 15.
Nge4 Rb8 16. Nxf6+ Bxf6 17. Ne4 Nd4 18. Nxf6+ Qxf6 19. Qxf6 gxf6 20. Re3 1-0

[Event "AUTO-OPEN-3445"]
[Site "http://www.queenalice.com/game.php?id=1382494"]
[Date "2015.9.11"]
[Round "3"]
[White "Chanchito"]
[Black "Poison"]
[Result "0-1"]
[WhiteElo "2242"]
[BlackElo "2475"]

1. d4 e6 2. e4 d5 3. Nd2 c5 4. exd5 cxd4 5. Ngf3 Qxd5 6. Bc4 Qd6 7. O-O Nf6 8.
Nb3 Nc6 9. Nbxd4 Nxd4 10. Nxd4 Be7 11. c3 O-O 12. Bg5 Qc5 13. Bxf6 Bxf6 14. Bb3
b6 15. Nf3 Bb7 16. Qe2 a5 17. Rfe1 a4 18. Bc2 a3 19. Qd3 g6 0-1

[Event "Challenge"]
[Site "http://www.queenalice.com/game.php?id=1383816"]
[Date "2015.9.17"]
[Round "-"]
[White "toomchess"]
[Black "Chanchito"]
[Result "1-0"]
[WhiteElo "2221"]
[BlackElo "2267"]

1. Nf3 Nf6 2. c4 g6 3. b3 Bg7 4. Bb2 O-O 5. e3 d6 6. d4 Nbd7 7. Bd3 e5 8. dxe5
Ng4 9. Qc2 Ndxe5 10. Be2 c6 11. Nbd2 Re8 12. h3 Nxf3+ 13. Nxf3 Ne5 14. O-O-O d5
15. Nxe5 Bxe5 16. Bxe5 Rxe5 17. Qc3 Qe7 18. cxd5 cxd5 19. Kb2 a5 20. Rd4 a4 21.
Rxa4 Rb8 22. Rd1 Bd7 23. Rad4 Ra8 24. Qb4 Bc6 25. Qxe7 Rxe7 26. Bf3 1-0

[Event "OS INCLIVEIS"]
[Site "http://www.queenalice.com/game.php?id=1383879"]
[Date "2015.9.17"]
[Round "-"]
[White "adelio"]
[Black "Chanchito"]
[Result "0-1"]
[WhiteElo "1879"]
[BlackElo "2263"]

1. d4 Nf6 2. c4 g6 3. Nc3 Bg7 4. e4 d6 5. d5 O-O 6. Be2 c6 7. h4 h5 8. Bg5 cxd5
9. Bxf6 Bxf6 10. Nxd5 Bxb2 11. Rb1 Bg7 12. Nf3 Nc6 13. Nh2 e6 14. Ne3 b6 15. Nf3
Bb7 16. c5 dxc5 17. Ng5 Qxd1+ 18. Rxd1 Rfd8 19. Bd3 Nb4 20. Bb1 Rxd1+ 21. Nxd1
Rd8 22. O-O c4 23. Ne3 c3 24. f3 Bd4 25. Re1 c2 26. Kh2 Bxe3 27. Bxc2 Nxc2 28.
Re2 Bxg5 29. hxg5 Nb4 30. a3 Nc6 31. Kg3 Rd3 32. Kf4 Rxa3 33. g4 h4 34. e5 Nd4
35. Re3 Ne2+ 36. Rxe2 Rxf3# 0-1

[Event "OS INCLIVEIS"]
[Site "http://www.queenalice.com/game.php?id=1383880"]
[Date "2015.9.17"]
[Round "-"]
[White "Chanchito"]
[Black "adelio"]
[Result "1-0"]
[WhiteElo "2264"]
[BlackElo "1877"]

1. d4 d5 2. c4 e6 3. Nc3 Nf6 4. cxd5 exd5 5. Bg5 Be7 6. e3 Ng4 7. Bxe7 Qxe7 8.
Bd3 Nxf2 9. Kxf2 Be6 10. Nf3 Nc6 11. Rf1 h5 12. Kg1 h4 13. Qa4 O-O 14. e4 dxe4
15. Nxe4 Bd5 16. Rae1 Rae8 17. Neg5 Qb4 18. Qxb4 Nxb4 19. Bb1 Nxa2 20. Nxh4 Nb4
21. Nh7 Nc6 22. Nxf8 Rxf8 23. Nf5 Be6 24. d5 Bxf5 25. dxc6 Bxb1 26. Rxb1 b5 27.
Rbd1 f6 28. Rd7 Rc8 29. Re1 Kh8 30. Ree7 g5 31. Rxc7 Rxc7 32. Rxc7 a5 33. Rd7 a4
34. c7 b4 35. c8=Q# 1-0

[Event "AUTO-MASTER-2343"]
[Site "http://www.queenalice.com/game.php?id=1384096"]
[Date "2015.9.18"]
[Round "2"]
[White "clovis"]
[Black "Chanchito"]
[Result "0-1"]
[WhiteElo "2032"]
[BlackElo "2254"]

1. e4 e5 2. Nc3 Nf6 3. Bc4 Nc6 4. d3 d6 5. Nf3 Be7 6. O-O Be6 7. Bb3 O-O 8. Bg5
h6 9. Bh4 a6 10. Qe2 g5 11. Bg3 Nh5 12. Rad1 Bxb3 13. cxb3 f5 14. h3 Nxg3 15.
fxg3 Qd7 16. Nh2 Nd4 17. Qh5 Kh7 18. exf5 Rxf5 19. Ng4 Qe6 20. Rxf5 Nxf5 21. Nd5
Qxd5 22. Rf1 Qe6 23. Rxf5 Qxf5 24. Qxh6+ Kg8 25. Qh5 Bf8 26. Qh6 Bxh6 27. Nxh6+
Kg7 28. Nxf5+ Kf6 29. g4 d5 30. Kf2 Re8 31. g3 Re6 32. h4 Rc6 33. h5 Rc2+ 34.
Ke3 Rxb2 35. h6 Rxa2 36. h7 Rh2 37. Nh4 Kg7 38. h8=Q+ Kxh8 39. Ng6+ Kg7 40. Nxe5
Rb2 41. Kd4 Rxb3 42. Kxd5 Rb5+ 43. Ke6 Rxe5+ 0-1

[Event "AUTO-MASTER-2343"]
[Site "http://www.queenalice.com/game.php?id=1384097"]
[Date "2015.9.18"]
[Round "2"]
[White "Chanchito"]
[Black "clovis"]
[Result "1-0"]
[WhiteElo "2250"]
[BlackElo "2122"]

1. d4 d5 2. c4 c6 3. cxd5 cxd5 4. Nc3 Nf6 5. Bg5 Nc6 6. e3 Bf5 7. Bd3 Bxd3 8.
Qxd3 e6 9. Nf3 Be7 10. O-O O-O 11. Rac1 Ng4 12. Bxe7 Qxe7 13. h3 Nh6 14. Ne5
Rfc8 15. Nxc6 Rxc6 16. Rc2 Nf5 17. Rfc1 Rac8 18. Nxd5 Qg5 19. Rxc6 bxc6 20. Nf4
g6 21. Qa6 Rb8 22. Rxc6 Rxb2 23. Rc8+ Kg7 24. Qxa7 Rd2 25. Nxe6+ Kh6 26. Nxg5
1-0

[Event "AUTO-MASTER-2343"]
[Site "http://www.queenalice.com/game.php?id=1384100"]
[Date "2015.9.18"]
[Round "2"]
[White "Canaye"]
[Black "Chanchito"]
[Result "0-1"]
[WhiteElo "1963"]
[BlackElo "2260"]

1. d4 Nf6 2. c4 g6 3. Nc3 Bg7 4. e4 d6 5. f3 O-O 6. Bg5 c5 7. dxc5 Qa5 8. cxd6
Qxg5 9. dxe7 Re8 10. Nge2 Nc6 11. h4 Qc5 12. Nf4 Qe3+ 13. Nfe2 Be6 14. Qd2 Qxd2+
15. Kxd2 Bxc4 16. Nf4 Bxf1 17. Raxf1 Nxe7 18. h5 Red8+ 19. Kc1 Nxh5 20. Nxh5
gxh5 21. Rxh5 Rac8 22. Rfh1 h6 23. Kb1 Rd2 24. e5 Rxg2 25. Ne4 Rcc2 26. Nf6+ Kf8
27. Nd7+ Ke8 28. Nf6+ Bxf6 29. exf6 Rxb2+ 30. Kc1 Rxa2 31. Rb5 Ra1+ 32. Rb1
Rxb1+ 33. Kxb1 Ng6 34. Re1+ Kd7 35. Rd1+ Ke6 0-1

[Event "AUTO-MASTER-2343"]
[Site "http://www.queenalice.com/game.php?id=1384101"]
[Date "2015.9.18"]
[Round "2"]
[White "Chanchito"]
[Black "Canaye"]
[Result "1-0"]
[WhiteElo "2258"]
[BlackElo "1916"]

1. d4 e6 2. e4 d5 3. Nd2 dxe4 4. Nxe4 Nd7 5. Nf3 Ngf6 6. Nxf6+ Nxf6 7. Bd3 c5 8.
dxc5 Bxc5 9. Bg5 h6 10. Bh4 Qa5+ 11. c3 Qb6 12. O-O Ng4 13. Qe2 O-O 14. h3 Nf6
15. Rfe1 Nd5 16. Bg3 Bd7 17. Rad1 Bc6 18. Ne5 Rad8 19. Bb1 Nf6 20. Rxd8 Rxd8 21.
Nxf7 Kxf7 22. Qxe6+ Kf8 23. Qf5 Rd2 24. b4 Be3 25. Rxe3 Qxe3 26. fxe3 Rxg2+ 27.
Kf1 Rxg3 28. Qc5+ Kg8 29. Bd3 Nd5 30. Bc4 Rg5 31. b5 Kh8 32. bxc6 Nxc3 33. Qxg5
1-0